LEADER 01437nam2 2200301 i 450 001 VAN00012352 005 20240806100252.12 100 $a20030205d1926 |0itac50 ba 101 $ager 102 $aDE 105 $a|||| ||||| 200 1 $aˆ1.2: ‰Darstellung einzelner Staaten und der zwischenstaatlichen Beziehungen$fvon Georg Busolt$gbearbeitet von Heinrich Swoboda 205 $aMünchen : Beck$b1926 210 $aXI$dP. 633-1590 ; 25 cm 215 $aContiene: Register / bearbeitet von Franz Jendebeur. 461 1$1001VAN00012350$12001 $aGriechische Staatskunde$fvon Georg Busolt$1205 $a3. neugestaltete Auflage der "Griechischen Staats und Rechtsaltertumer"$1210 $aMünchen$cBeck$d1920-1962$1215 $a2 v. (X, 1590 p. compless.)$d24 cm.$v1 606 $aGrecia antica$xStoria$3VANC006596$2FI 606 $aPolis$3VANC006595$2FI 620 $dMünchen$3VANL001057 700 1$aBusolt$bGeorg$3VANV009191$0183734 702 1$aSwoboda$bHeinrich$3VANV009192 712 $aBeck $3VANV108810$4650 801 $aIT$bSOL$c20240906$gRICA 899 $aBIBLIOTECA DEL DIPARTIMENTO DI GIURISPRUDENZA$1IT-CE0105$2VAN00 912 $aVAN00012352 950 $aBIBLIOTECA DEL DIPARTIMENTO DI GIURISPRUDENZA$d00CONS XVIII.Df.9 (2) $e00 10504 20030205 996 $aDarstellung einzelner Staaten und der zwischenstaatlichen Beziehungen$9861806 997 $aUNICAMPANIA LEADER 01479nam0 22003733i 450 001 VAN00254609 005 20250604033859.562 017 70$2N$a9783540355250 100 $a20230214d1967 |0itac50 ba 101 $aeng 102 $aDE 105 $a|||| ||||| 200 1 $aTopics in Functional Analysis$fAlbert Wilansky$gNotes by W. D. Laverell 210 $aBerlin$cSpringer$d1967 215 $aviii, 108 p.$cill.$d24 cm 461 1$1001VAN00102250$12001 $aLecture notes in mathematics$1210 $aBerlin [etc.]$cSpringer$v45 606 $a46-XX$xFunctional analysis [MSC 2020]$3VANC019764$2MF 610 $aAnalysis$9KW:K 610 $aCalculus$9KW:K 610 $aFunctions$9KW:K 610 $aTheorem$9KW:K 610 $aTopology$9KW:K 620 $dBerlin$3VANL000066 700 1$aWilansky$bAlbert$3VANV207635$041878 702 1$aLaverell$bW. David$3VANV207636 712 $aSpringer $3VANV108073$4650 801 $aIT$bSOL$c20250613$gRICA 856 4 $uhttps://doi.org/10.1007/BFb0079844$zE-book ? Accesso al full-text attraverso riconoscimento IP di Ateneo, proxy e/o Shibboleth 899 $aBIBLIOTECA DEL DIPARTIMENTO DI MATEMATICA E FISICA$1IT-CE0120$2VAN08 912 $fN 912 $aVAN00254609 950 $aBIBLIOTECA DEL DIPARTIMENTO DI MATEMATICA E FISICA$d08DLOAD e-book 5369 $e08eMF5369 20230228 996 $aTopics in functional analysis$983174 997 $aUNICAMPANIA LEADER 01866nam0 22004573i 450 001 VAN00268560 005 20250227112717.742 017 70$2N$a9781461337546 100 $a20231207d1983 |0itac50 ba 101 $aeng 102 $aUS 105 $a|||| ||||| 200 1 $aAdvances in Fuzzy Sets, Possibility Theory, and Applications$fedited by Paul P. Wang 210 $aNew York$cPlenum$d1983 215 $axii, 422 p.$cill.$d24 cm 606 $a00Bxx$xConference proceedings and collections of articles [MSC 2020]$3VANC021742$2MF 606 $a94-XX$xInformation and communication theory, circuits [MSC 2020]$3VANC019701$2MF 606 $a94D05$xFuzzy sets and logic (in connection with information, communication, or circuits theory) [MSC 2020]$3VANC036696$2MF 610 $aArea$9KW:K 610 $aForms$9KW:K 610 $aFuzzy$9KW:K 610 $aFuzzy sets$9KW:K 610 $aInformation$9KW:K 610 $aInformation retrieval$9KW:K 610 $aMedicine$9KW:K 610 $aPsychology$9KW:K 610 $aSet Theory$9KW:K 610 $aSets$9KW:K 610 $aTechniques$9KW:K 610 $aVolume$9KW:K 620 $aUS$dNew York$3VANL000011 702 1$aWang$bPaul P.$3VANV220535 712 $aPlenum $3VANV108321$4650 801 $aIT$bSOL$c20250829$gRICA 856 4 $uhttps://doi.org/10.1007/978-1-4613-3754-6$zE-book ? Accesso al full-text attraverso riconoscimento IP di Ateneo, proxy e/o Shibboleth 899 $aBIBLIOTECA DEL DIPARTIMENTO DI MATEMATICA E FISICA$1IT-CE0120$2VAN08 912 $fN 912 $aVAN00268560 950 $aBIBLIOTECA DEL DIPARTIMENTO DI MATEMATICA E FISICA$d08DLOAD e-book 7596 $e08eMF7596 20231211 996 $aAdvances in Fuzzy Sets, Possibility Theory, and Applications$93643948 997 $aUNICAMPANIA